Nutrition and Health for Diploma in Nursing (Record no. 246616)

MARC details
000 -LEADER
fixed length control field 00466nam a2200181Ia 4500
008 - FIXED-LENGTH DATA ELEMENTS--GENERAL INFORMATION
fixed length control field 240913s9999||||xx |||||||||||||| ||und||
082 ## - DEWEY DECIMAL CLASSIFICATION NUMBER
-- 613 Q7
100 ## - MAIN ENTRY--PERSONAL NAME
Personal name Jain A K
245 #0 - TITLE STATEMENT
Title Nutrition and Health for Diploma in Nursing
250 ## - EDITION STATEMENT
Edition statement 1st
260 ## - PUBLICATION, DISTRIBUTION, ETC. (IMPRINT)
Date of publication, distribution, etc 2017
Name of publisher, distributor, etc Avichal Publishing Co
500 ## - GENERAL NOTE
General note REFERENCE
650 ## - SUBJECT ADDED ENTRY--TOPICAL TERM
Topical term or geographic name as entry element Renal Dialysis Technology
942 ## - ADDED ENTRY ELEMENTS (KOHA)
Item type Reference
Holdings
Withdrawn status Lost status Damaged status Permanent location Current location Shelving location Date acquired Source of acquisition Cost, normal purchase price Full call number Barcode Date last seen Koha item type
      CENTRAL LIBRARY, NOORUL ISLAM CENTRE FOR HIGHER EDUCATION CENTRAL LIBRARY, NOORUL ISLAM CENTRE FOR HIGHER EDUCATION   02/14/2018 Gift from NIMS 95.00 613 Q7 77684 09/13/2024 Reference
Visitors:
Copyright © 2024 Central Library NICHE.  All rights reserved.